000 00345nam a22001337a 4500
008 170828b xxu||||| |||| 00| 0 eng d
020 _a9780077403898
041 _aeng
080 _a070
100 _a39
101 _aMED
245 _aMEDIA LITERATURE AND CULTURE INTRODUCTION TO MASS COMMUNICATION
_cBARAN.S.J
942 _2udc
_cBK
999 _c25147
_d25147